DORK DIARIES: DEAR DORK (Record no. 8602)
[ view plain ]
| 000 -LEADER | |
|---|---|
| fixed length control field | 00336nam a22001337a 4500 |
| 082 ## - DEWEY DECIMAL CLASSIFICATION NUMBER | |
| Classification number | 823 |
| Item number | RUS/D |
| 100 ## - MAIN ENTRY--AUTHOR NAME | |
| Personal name | RUSSELL,RACHEL RENEE |
| 245 ## - TITLE STATEMENT | |
| Title | DORK DIARIES: DEAR DORK |
| 246 ## - VARYING FORM OF TITLE | |
| Title proper/short title | DORK DIARIES: DEAR DORK |
| Remainder of title | DORK DIARIES: DEAR DORK |
| 260 ## - PUBLICATION, DISTRIBUTION, ETC. (IMPRINT) | |
| Place of publication | U K |
| Name of publisher | SIMON& SCHUSTER |
| Year of publication | 2012 |
| 300 ## - PHYSICAL DESCRIPTION | |
| Number of Pages | 321 |
| 650 ## - SUBJECT ADDED ENTRY--TOPICAL TERM | |
| Topical Term | ENGLISH STORIES |
| 942 ## - ADDED ENTRY ELEMENTS (KOHA) | |
| Koha item type | Books |
No items available.